000 00957nam a22003131i 4500
999 _c5425
_d5425
001 017956337
003 Uk
005 20250918075208.0
008 160720s2016 enka j 000|0|eng|d
020 _a9780198407959 (pbk.)
040 _aStDuBDS
_beng
_cStDuBDS
_dUk
_dKH8
_erda
042 _aukblsr
082 0 4 _a530 BRE
_223
100 1 _aBreithaupt, Jim,
_eauthor.
245 1 0 _aInternational GSCE combined sciences :
_bPhysices /
_cJim Breithaupt.
264 1 _aOxford :
_bOxford University Press,
_c[2016]
300 _avi, 213 pages :
_billustrations (colour) ;
_c28 cm
336 _atext
_2rdacontent
336 _astill image
_2rdacontent
337 _aunmediated
_2rdamedia
338 _avolume
_2rdacarrier
500 _aIncludes index
521 2 _aGCSE.
650 0 _aPhysics.
_vtextbooks
650 0 _aScientific and mathematical skills
_vPhysics
650 0 _aExaminations
_vPhysics
700 _aRyan, Lawrie,
_eeditor.
942 _2ddc
_cTR